Le guide des études en france = The guide of the studies in France

Wedi'i Gadw mewn:
Manylion Llyfryddiaeth
Prif Awdur: Pulido, Raphael
Fformat: Llyfr
Iaith:Undetermined
Cyhoeddwyd: Paris EduFrance 2002
Pynciau:
Tagiau: Ychwanegu Tag
Dim Tagiau, Byddwch y cyntaf i dagio'r cofnod hwn!
Thư viện lưu trữ: Trung tâm Học liệu Trường Đại học Cần Thơ
LEADER 00554nam a2200193Ia 4500
001 CTU_54959
008 210402s9999 xx 000 0 und d
082 |a 378.44 
082 |b P981 
100 |a Pulido, Raphael 
245 0 |a Le guide des études en france 
245 0 |b = The guide of the studies in France 
245 0 |c Raphael Pulido ; Traduction anglaise Axel Delmotte 
260 |a Paris 
260 |b EduFrance 
260 |c 2002 
650 |a Education, higher 
650 |z France 
980 |a Trung tâm Học liệu Trường Đại học Cần Thơ